|
|
|
|
| LEADER |
00000cam a22000004a 4500 |
| 001 |
musev2_53021 |
| 003 |
MdBmJHUP |
| 005 |
20230905045644.0 |
| 006 |
m o d |
| 007 |
cr||||||||nn|n |
| 008 |
170710s2017 aru o 00 0 eng d |
| 020 |
|
|
|a 9781610756198
|
| 020 |
|
|
|z 9781682260401
|
| 035 |
|
|
|a (OCoLC)993254844
|
| 040 |
|
|
|a MdBmJHUP
|c MdBmJHUP
|
| 100 |
1 |
|
|a Rizkallah, Jess,
|e author.
|
| 245 |
1 |
4 |
|a the magic my body becomes :
|b Poems by /
|c poems by Jess Rizkallah.
|
| 264 |
|
1 |
|a Fayetteville :
|b University of Arkansas Press,
|c 2017.
|
| 264 |
|
3 |
|a Baltimore, Md. :
|b Project MUSE,
|c 2017
|
| 264 |
|
4 |
|c ©2017.
|
| 300 |
|
|
|a 1 online resource (60 pages).
|
| 336 |
|
|
|a text
|b txt
|2 rdacontent
|
| 337 |
|
|
|a computer
|b c
|2 rdamedia
|
| 338 |
|
|
|a online resource
|b cr
|2 rdacarrier
|
| 505 |
0 |
0 |
|g Machine generated contents note:
|t Ghada says --
|t Take a left here --
|t Deir al qamar means convent of the moon and it's all i think about --
|t Ghada says --
|t Bop bop --
|t My assignment is to "draw chaos" --
|t Ghada says --
|t On practicing my arabic --
|t If teta never had to leave lebanon i wonder if she would make preserves --
|t White man says to my brown father --
|t I realized this at 23 --
|t Aphorisms for lonely arabs --
|t You got way too excited about annihilation before the cosmic folk show --
|t Sin el Fil, Lebanon --
|t When they ask me who i pray to --
|t Ghada says --
|t Poem as my dad --
|t backroads --
|t She'll make a husband so happy one day --
|t My other mouth --
|t Fine then --
|t Ghada says --
|t TBH I've got more things to say about hair than i have hair --
|t Sometimes i feel like my own life would never pass the bechdel test --
|t When daughters are not enough --
|t There goes the family --
|t Ghada says --
|t "I'll bury you" --
|t Ghada says --
|t I am always carrying boxes --
|t Dream log --
|t Ghada says --
|t Something uglier than a flower --
|t My thighs could kill a man --
|t Give me the flute & sing --
|t Ahwak --
|t Notepad fragments --
|t Origin story --
|t Ghada says --
|t I am a garden of bones but don't call me a cemetery.
|
| 588 |
|
|
|a Description based on print version record.
|
| 650 |
|
7 |
|a Arab American women.
|2 fast
|0 (OCoLC)fst00812199
|
| 650 |
|
7 |
|a American literature
|x Arab American authors.
|2 fast
|0 (OCoLC)fst00807122
|
| 650 |
|
7 |
|a POETRY
|x American
|x General.
|2 bisacsh
|
| 650 |
|
7 |
|a FICTION
|x General.
|2 bisacsh
|
| 650 |
|
6 |
|a Americaines d'origine arabe
|v Poesie.
|
| 650 |
|
6 |
|a Litterature americaine
|x Auteurs americains d'origine arabe.
|
| 650 |
|
0 |
|a Arab American women
|v Poetry.
|
| 650 |
|
0 |
|a American literature
|x Arab American authors.
|
| 655 |
|
7 |
|a Poetry.
|2 fast
|0 (OCoLC)fst01423828
|
| 655 |
|
7 |
|a Electronic books.
|2 local
|
| 710 |
2 |
|
|a Project Muse.
|e distributor
|
| 830 |
|
0 |
|a Book collections on Project MUSE.
|
| 856 |
4 |
0 |
|z Texto completo
|u https://projectmuse.uam.elogim.com/book/53021/
|
| 945 |
|
|
|a Project MUSE - Custom Collection
|
| 945 |
|
|
|a Project MUSE - 2017 Complete
|
| 945 |
|
|
|a Project MUSE - 2017 Poetry, Fiction and Creative Non-Fiction
|
| 945 |
|
|
|a Project MUSE - 2017 Middle Eastern Studies
|